000 00588nam a2200217Ia 4500
001 11415
003 GE_BSU
008 181216s||||||||xx |||||||||||||| ||und||
040 _cGE_BSU
080 _a027.5
100 _aDawson Heather
245 _aKnow it all, find it fast for academic libraries
260 _aLondon
260 _bfacet publishing
260 _c2012
300 _a387p.25cm.
520 _aშემოსულია ტემპუსის პროექტით
541 _h161
653 _aKnow it all, find it fast for academic libraries
942 _cBK
999 _c44612
_d44612